Leader xxxxxxxxxx
001 __ PCLIS00026431
005 __ 20221202104651.0
010 0_ |a957-645-096-9|b一套 : 平裝|dNT$360
010 0_ |a957-645-097-7|b上冊 : 平裝|dNT$180
010 0_ |a957-645-098-5|b下冊 : 平裝|dNT$180
100 __ |a20010427d1999 m y0chiy09 e
101 0_ |achi
102 __ |atw
105 __ |aaf z 000ay
200 1_ |a白髮魔女傳|f梁羽生作
205 __ |a電視版
210 __ |a臺北市|c風雲時代|d1999.11[民88]
215 0_ |a2冊([6], 698+面, 圖版[16]面)|c圖, 彩色圖版|d21公分
225 1_ |a梁羽生作品
300 __ |a本書正文內頁插圖及其圖說未計頁數
300 __ |a附錄: 本書涉及的重要歷史事實和人物
410 _1 |12001 |a梁羽生武俠作品精選
300 __ |a作者本名陳文統
681 __ |a857.9|b8646
681 __ |a857.7|b8646 88 V.2
681 __ |a857.7|b8646 88 V.1
700 _0 |a梁羽生|f1924-2009|4作
801 _0 |atw|b內湖高中|c20010622|gCCR
801 _2 |atw|b內湖高中|c20221202|gCCR
|